000
00306nam a2200109Ia 4500
008
210430s9999 xx 000 0 und d
082
_a
530 H1571F
100
_a
Halliday David,Resnick Robert
_9
54959
245
_a
Fundamentals Of Physics
_c
Halliday David,Resnick Robert
260
_c
1998
942
_c
BK
_2
ddc
999
_c
565885
_d
565885